000 00787nam a2200277Ia 4500
003 GCL
008 140319s9999 xx 000 0 ara d
040 _aGCL /
_cGCL
082 0 4 _aط
_b930
_bم س
100 1 _aمكتبة لبنان
245 1 0 _aالفايكنجز /
_cمكتبة لبنان
260 _a[S.N] :
_bمكتبة لبنان
300 _aمتعددة
490 _aالسلسلة التاريخية
_v0
650 0 4 _aتاريخ
650 0 4 _aالعادات والتقاليد
650 0 4 _aالاطفال
650 0 4 _aالحضارة
650 0 4 _aالتاريخ
650 0 4 _aالاثار
650 0 4 _aالحضارة المصرية
650 0 4 _aالاثاث
650 0 4 _aالحضارة القديمة
650 0 4 _aالاجناس
942 _2ddc
_cBK
999 _c33118
_d33118